| 000 | 01035nam a2200301 i 4500 | ||
|---|---|---|---|
| 001 | bg | ||
| 003 | BPK | ||
| 005 | 20220509134801.0 | ||
| 008 | 021002s2001 pl f f |000 0 pol | ||
| 020 | _a8386569050 | ||
| 040 | _cBPK | ||
| 041 | 0 | _apol | |
| 080 | _a620.17 | ||
| 080 | _a539.4 | ||
| 080 | _a(075.8+076) | ||
| 100 | 1 |
_aGrabowski, Jan _c(budownictwo). |
|
| 245 | 1 | 0 |
_aZbiór zadań z wytrzymałości materiałów / _cJan Grabowski, Anna Iwanczewska. |
| 250 | _aWyd. 6. | ||
| 260 |
_aWarszawa : _bOficyna Wydawnicza Politechniki Warszawskiej, _c2001. |
||
| 300 |
_a375, [1] s. : _bil. ; _c24 cm. |
||
| 504 | _aBibliogr. | ||
| 655 | 4 | _aĆwiczenia i zadania dla szkół wyższych | |
| 650 | 4 | _aWytrzymałość materiałów | |
| 700 | 1 |
_aIwanczewska, Anna _d( -2000) _eAutor |
|
| 942 |
_cKS _2udc |
||
| 856 |
_uhttp://koha.tu.koszalin.pl/cgi-bin/koha/opac-detail.pl?biblionumber=41948 _yKatalog online BPK |
||
| 999 |
_c41948 _d41948 |
||